Pohyb kvapalnej fázy počas extrúzie pást

Saved in:
Bibliographic Details
Main Author: Szabadoš, Peter, 1985- (Author)
Other Authors: Fekete, Roman, 1963- (Thesis advisor)
Format: Manuscript Book
Language:Slovak
Published: Bratislava : STU v Bratislave SjF, 2010
Subjects:
Online Access:VAIS
Tags: Add Tag
No Tags, Be the first to tag this record!

MARC

LEADER 00000ntm a22000003a 4500
001 stu218789
005 20150617230114.5
008 101207s2010----xo------------------slo-d
040 |a STU  |b slo 
041 0 |a slo 
044 |a xo 
100 1 |a Szabadoš, Peter,  |d 1985-  |4 aut  |u J0040  |U SjF Strojnícka fakulta  |T SjF Ústav chemických a hydraulických strojov a zariadení  |X 40825  |U J0040  |Y 807  |7 A000040825 
242 0 0 |a Movement of liquid phase during extrusion of paste  |y eng 
245 1 |a Pohyb kvapalnej fázy počas extrúzie pást 
260 |a Bratislava :  |b STU v Bratislave SjF,  |c 2010 
650 7 |a chemické a potravinárske stroje a zariadenia  |2 stusub 
650 7 |a Machines and Equipment for Chemical and Food Industries  |2 estusub 
650 7 |a pasta  |2 stusub 
650 7 |a reológia  |2 stusub 
650 7 |a paste  |2 estusub 
650 7 |a extrusion  |2 estusub 
650 7 |a extrúzia  |2 stusub 
700 1 |a Fekete, Roman,  |d 1963-  |4 ths  |u J0040  |U SjF Strojnícka fakulta  |T SjF Ústav chemických a hydraulických strojov a zariadení  |X 2370  |U J0040  |Y 807  |7 A000002370 
856 4 |a info a plný text  |u http://is.stuba.sk/zp/portal_zp.pl?podrobnosti=63705  |3 VAIS 
996 |b 284J039142  |c J*1010/DP  |l JJSK  |s A  |a 24  |w stu218789_0001